00996nam a2200229 a 4500001001000000003000900010005001700019007000300036008004100039020001800080040002500098082002900123100005300152245019400205260006800399300002000467650007200487650001400559651008600573651006300659710004400722000048976DO-SdBNP20250206083507.0ta130307s2017 dr r 000 0 spa d a9789945585292 aDO-SdBNPbspacBNPHU 4a347.7293bG373d 20172221 aGermán M., Mariano,d1946-q(Germán Mejía)10aDiscurso pronunciado por el Dr. Marinao Germán Mejía en ocasión de la conmemoración del día del Poder Judicial :baudiencia solemne 7 de enero de 2017 /cMariano Germán Mejía. aSanto domingo, República Dominicana :bPoder Judicial,c2017. a63 p. ;c23 cm. 4aPoder judicialzRepública DominicanaxEnsayos, conferencias, etc. 4aDiscursos 4aAdministración De JusticiazRepública DominicanaxEnsayos, conferencias, etc. 4aAdministración De Justicia PenalzRepública Dominicana2 aPoder Judicial (República Dominicana)